Catàleg del Col·legi de Periodistes de Catalunya

Sobre el feixisme, l'exili i la censura (Registre núm. 7260)

000 -CABECERA
Longitud fija campo de control 00631nam a22001937a 4500
003 - IDENTIFICADOR DEL NÚMERO DE CONTROL
Identificador del número de control OSt
005 - FECHA Y HORA DE LA ÚLTIMA TRANSACCIÓN
Fecha y hora de la última transacción 20191106175338.0
008 - CÓDIGOS DE INFORMACIÓN DE LONGITUD FIJA
Códigos de información de longitud fija 191106e201909 spca||| ||||| 000 m cat|d
017 ## - NÚMERO DE COPYRIGHT O DE DEPÓSITO LEGAL
Número de copyright o de depósito legal DL B 15106-2019
Agencia que asigna el número Biblioteca de Catalunya
020 ## - NÚMERO INTERNACIONAL NORMALIZADO PARA LIBROS
Número Internacional Normalizado para Libros (ISBN) 9788417627867
040 ## - FUENTE DE LA CATALOGACIÓN
Centro catalogador de origen ES-BaUB
Lengua de catalogación cat
Centro transcriptor CDMR
100 1# - PUNTO DE ACCESO PRINCIPAL-NOMBRE DE PERSONA
Nombre de persona Calders, Pere
Fechas asociadas al nombre 1912-1994,
9 (RLIN) 553
240 10 - TÍTULO UNIFORME
Título uniforme <a href="Seleccions">Seleccions</a>
245 10 - MENCI&Oacute;N DE T&Iacute;TULO
Título Sobre el feixisme, l'exili i la censura
Resto del título : tria d'articles i contes distòpics /
Mención de responsabilidad, etc. Pere Calders ; a cura de Diana Coromines
260 ## - PUBLICACI&Oacute;N, DISTRIBUCI&Oacute;N, ETC. (PIE DE IMPRENTA)
Lugar de publicación, distribución, etc. Barcelona :
Nombre del editor, distribuidor, etc. Rosa dels Vents,
Fecha de publicación, distribución, etc. 2019
300 ## - DESCRIPCI&Oacute;N F&Iacute;SICA
Extensión 274 p. :
Otras características físicas il ;
Dimensiones 23 cm
700 1# - PUNTO DE ACCESO ADICIONAL - NOMBRE DE PERSONA
Nombre de persona Coromines, Diana,
942 ## - ENTRADA DE ELEMENTOS AGREGADOS (KOHA)
Koha [por defecto] tipo de item Monografies
Fons
Suprimido Perdido Estropeado No para pr&eacute;stamo Localizaci&oacute;n permanente Localizaci&oacute;n actual Fecha adquisici&oacute;n Fuente de adquisici&oacute;n Coste, precio normal de compra Pr&eacute;stamos totales Renovaciones totales Signatura completa C&oacute;digo de barras Fecha &uacute;ltima consulta Fecha &uacute;ltimo pr&eacute;stamo Coste, precio reemplazado Fecha del precio de reemplazo Tipo de item de Koha
        Centre de Documentació Montserrat Roig Centre de Documentació Montserrat Roig 2019-11-06 Intercanvi 18.90 4 4 Du 6/105 CDMR19110004 2020-09-23 2020-06-26 18.90 2019-11-06 Monografies

Implantat amb Koha